[Event "Ivrea Autumn 21st"]
[Site "Ivrea"]
[Date "2010.11.11"]
[Round "6"]
[White "Gennaro, Isabella"]
[Black "Bruera, Marco"]
[Result "0-1"]
[WhiteElo "1640"]
[BlackElo "1524"]
[PlyCount "44"]
[EventDate "2010.10.07"]
[EventType "swiss"]
[EventRounds "9"]
[EventCountry "ITA"]
[SourceTitle "EXT 2024"]
[Source "ChessBase"]
[SourceDate "2023.10.10"]
[SourceVersion "1"]
[SourceVersionDate "2023.10.10"]
[SourceQuality "1"]

1. e4 d5 2. exd5 Nf6 3. Nf3 Nxd5 4. Bc4 Bg4 5. h3 Bh5 6. d4 e6 7. Bd2 Nc6 8. g4 Bg6 9. Nc3 Ndb4 10. Bb3 Nxd4 11. Nxd4 Qxd4 12. a3 Nc6 13. Qe2 Qe5 14. 0-0-0 Qxe2 15. Nxe2 0-0-0 16. Bf4 Bc5 17. f3 e5 18. Bg3 Be3+ 19. Kb1 f6 20. Be6+ Kb8 21. h4 h5 22. Be1 Rxd1+ 0-1